000 00713nam a2200265Ia 4500
003 OSt
005 20220918163333.0
006 a|||||r|||| 00| 0
007 ta
008 220917b |||||||| |||| 00| 0 eng d
020 _a0 582 01244 9
024 _a29,473
037 _cTextual
040 _aARTS
_cARTS
_beng
041 _2eng
_aeng
082 _aO111,3N32:g, L6
100 _aThorpe Michael
_912728
245 0 _aV S Naipaul ed by Ian Scott Kilvert
260 _aLondon
_bLongman UK
_c1976
300 _a47p.
_ccm.
490 _aWriters & their work; 242
650 _aENGLISH LITERATURE
942 _hO111,3N32:g, L6
_cTEXL
_2CC
999 _c119153
_d119153